Sales promotion file : vol.3 electronic goods..
| Format: | Book |
|---|---|
| Published: |
Tokyo:
A.G,
1993.
|
| Subjects: |
| LEADER | 00546cam a2200181 7i4500 | ||
|---|---|---|---|
| 001 | 0000004031 | ||
| 005 | 19991025090000.0 | ||
| 002 | ##000005477 | ||
| 020 | 0 | 0 | |a 4-87246-254-8 |
| 090 | 0 | 0 | |a B 658.82 |b SAL |
| 245 | 0 | 0 | |a Sales promotion file : |b vol.3 electronic goods.. |
| 260 | 0 | 0 | |a Tokyo: |b A.G, |c 1993. |
| 300 | 0 | 0 | |a 246 p.. |
| 650 | 0 | 0 | |a Sales promotion -- |x Electronic goods |
| 650 | 0 | 0 | |a Advertising -- |x electronic goods |
| 650 | 0 | 0 | |a Electronic goods -- |x advertising |
| 651 | 0 | 0 | |a Japan |
| 999 | |a 0000006900 |b Book |c Open shelf |e Business Information Centre | ||


